Radioelektronika 2004 : 14th international Czech-Slovak scientific conference. Bratislava, SK, 27.-28.april 2004
Salvato in:
| Natura: | Libro |
|---|---|
| Lingua: | inglese |
| Pubblicazione: |
Bratislava :
STU v Bratislave,
2004
|
| Soggetti: | |
| Tags: |
Nessun Tag, puoi essere il primo ad aggiungerne!!
|
MARC
| LEADER | 00000nam a22000003a 4500 | ||
|---|---|---|---|
| 001 | stu86904 | ||
| 005 | 20221207095742.6 | ||
| 008 | 040510s2004----xo------------------eng-d | ||
| 020 | |a 80-227-2017-8 | ||
| 040 | |a STU |b slo | ||
| 041 | 0 | |a eng | |
| 044 | |a xo | ||
| 080 | |a 621.382.049.7 | ||
| 080 | |a 621.372.011.7 | ||
| 080 | |a 621.391.8 | ||
| 080 | |a 621.396 | ||
| 080 | |a 061.3(08) | ||
| 084 | |a B1200 |2 INS | ||
| 084 | |a B4200 |2 INS | ||
| 084 | |a B5200 |2 INS | ||
| 084 | |a B6100 |2 INS |7 stu_us_auth*stu6055 | ||
| 245 | |a Radioelektronika 2004 : |b 14th international Czech-Slovak scientific conference. Bratislava, SK, 27.-28.april 2004 | ||
| 260 | |a Bratislava : |b STU v Bratislave, |c 2004 | ||
| 300 | |a 516 s | ||
| 650 | 7 | |a elektronické obvody |2 stusub | |
| 650 | 7 | |a spracovanie signálov |2 stusub | |
| 650 | 7 | |a prenos signálov |2 stusub | |
| 650 | 7 | |a Rádioelektronika |2 stusub | |
| 650 | 7 | |a rádiotechnika |2 stusub | |
| 650 | 7 | |a optoelektronika |2 stusub | |
| 650 | 7 | |a antény |2 stusub | |
| 996 | |b 284EZ00292 |c E*Z-857 |l EE0102 |s P |a 0 |w stu86904_0001 | ||